| 000 | 00797cam a22002653a 4500 | ||
|---|---|---|---|
| 001 | 737 | ||
| 003 | PGUSA | ||
| 005 | 20140828082952.0 | ||
| 008 | 961201s1996||||xxu|||||s|||||000 1 eng d | ||
| 040 |
_aPGUSA _beng |
||
| 042 | _adc | ||
| 050 | 4 | _aPZ | |
| 100 | 1 | _aHope, Laura Lee | |
| 245 | 1 | 4 |
_aThe Bobbsey Twins at School _h[electronic resource] / _cLaura Lee Hope |
| 260 |
_bProject Gutenberg, _c1996 |
||
| 506 | _aPublic domain in the USA. | ||
| 516 | _aElectronic text | ||
| 653 | _aTwins -- Juvenile fiction | ||
| 653 | _aSchools -- Juvenile fiction | ||
| 653 | _aBobbsey Twins (Fictitious characters) -- Juvenile fiction | ||
| 653 | _aBrothers and sisters -- Juvenile fiction | ||
| 830 | 0 |
_aProject Gutenberg _v737 |
|
| 856 | 4 | 0 | _uhttp://www.gutenberg.org/ebooks/737 |
| 942 | _cEB | ||
| 999 |
_c230088 _d230088 |
||